Automation of Incident Acquisition, Analysis and Reporting in Academic Environment / (Record no. 218016)
[ view plain ]
| 000 -LEADER | |
|---|---|
| fixed length control field | 00507 a2200181 4500 |
| 003 - CONTROL NUMBER IDENTIFIER | |
| control field | Nust |
| 005 - DATE AND TIME OF LATEST TRANSACTION | |
| control field | 20210101144826.0 |
| 038 ## - RECORD CONTENT LICENSOR | |
| Staff Name | Attaullah |
| 040 ## - CATALOGING SOURCE | |
| Transcribing agency | Nust |
| 082 ## - DEWEY DECIMAL CLASSIFICATION NUMBER | |
| Classification number | 005.8 |
| 100 ## - MAIN ENTRY--PERSONAL NAME | |
| Personal name | Aiajz, Lubna (MSIS-11) |
| 9 (RLIN) | 35554 |
| 245 ## - TITLE STATEMENT | |
| Title | Automation of Incident Acquisition, Analysis and Reporting in Academic Environment / |
| Statement of responsibility, etc. | Lubina Aijaz |
| 260 ## - PUBLICATION, DISTRIBUTION, ETC. | |
| Place of publication, distribution, etc. | Rawalpindi |
| Name of publisher, distributor, etc. | MCS,NUST |
| Date of publication, distribution, etc. | November 2015 |
| 300 ## - PHYSICAL DESCRIPTION | |
| Extent | xii, 119 p |
| 650 ## - SUBJECT ADDED ENTRY--TOPICAL TERM | |
| Topical term or geographic name entry element | PG Thesis MSIS |
| 9 (RLIN) | 35555 |
| 651 ## - SUBJECT ADDED ENTRY--GEOGRAPHIC NAME | |
| Geographic name | MSIS-11 |
| 9 (RLIN) | 35556 |
| 942 ## - ADDED ENTRY ELEMENTS (KOHA) | |
| Koha item type | Thesis |
| Source of classification or shelving scheme | |
| Withdrawn status | Lost status | Source of classification or shelving scheme | Damaged status | Not for loan | Collection code | Permanent Location | Current Location | Date acquired | Total Checkouts | Full call number | Barcode | Date last seen | Price effective from | Koha item type | Shelving location |
|---|---|---|---|---|---|---|---|---|---|---|---|---|---|---|---|
| Central Library (CL) | Central Library (CL) | 11/18/2020 | 004 | CL-T-1358 | 11/18/2020 | 11/18/2020 | Thesis | ||||||||
| Central Library (CL) | Central Library (CL) | 11/19/2020 | 004 | CL-T-1413 | 11/19/2020 | 11/19/2020 | Thesis | ||||||||
| Military College of Signals (MCS) | Military College of Signals (MCS) | 12/12/2016 | 005.8 AIJ | MCSTIS-204 | 12/08/2016 | 12/12/2016 | Book |
